000 00435nam a22001457a 4500
020 _a9781580534826
040 _cNust
082 _a621.382
_bHAR
100 _aShinsuke Hara
_9124845
110 _aRamjee Prasad
_9124846
245 _aMulticarrier Techniques for 4G Mobile Communications
260 _aLondon:
_bArtech house Inc,
_c2003.
650 _aMulticarrier Techniques for 4G Mobile Communications
_9124847
942 _2ddc
_cBK
999 _c610632
_d610632